| 000 | 00513nam a2200169 a 4500 | ||
|---|---|---|---|
| 001 | 000044630 | ||
| 005 | 20201002045519.0 | ||
| 008 | 141210s2014 dr a 000 0 spa d | ||
| 020 | _a9789945081503 | ||
| 040 |
_aDO-SdBNP _bspa _cBNPHU |
||
| 082 |
_axxxxxx _bxxxxx |
||
| 100 | 1 |
_aBáez, Tania _972652 |
|
| 245 | 1 | 3 |
_aLo mejor está por venir / _cTania Báez. |
| 260 |
_aSanto Domingo : _bDe revistas, _c2014. |
||
| 300 |
_a279 p. : _bil. ; _c22 cm. |
||
| 500 | _aIncluye datos biográficos de la autora en las solapas | ||
| 999 |
_c44119 _d44119 |
||